| 000 | 00757nam a22001457a 4500 | ||
|---|---|---|---|
| 999 |
_c533186 _d533186 |
||
| 008 | 260428b ||||| |||| 00| 0 eng d | ||
| 100 |
_a Arya, Abhishek and Bhagyanagar, Vipanchika S. _960303 |
||
| 245 | _aThe illusion of justice : Mercy and the foundation of criminal law in INDIA | ||
| 260 | _aEconomic & Political Weekly | ||
| 300 | _a61(12), Mar 21, 2026: p.27-28 | ||
| 520 | _aTrials of Sovereignty: Mercy, Violence, and the Making of Criminal Law in British India 1857–1922 by Alastair McClure, Cambridge: Cambridge University Press, 2024; pp 386, £105 (hardcover).-Reproduced https://www.epw.in/journal/2026/12/book-reviews/illusion-justice.html | ||
| 773 | _aEconomic & Political Weekly | ||
| 906 | _aBOOK REVIEW | ||
| 942 | _cAR | ||